000 00624nam a2200265Ia 4500
003 OSt
005 20220912145608.0
006 a|||||r|||| 00| 0
007 ta
008 220909b |||||||| |||| 00| 0 eng d
024 _a70761
037 _cTextual
040 _aCSL
_beng
_cCSL
041 _aeng
082 _aG0aC, L9
100 _aAckerman Eugene
245 0 _aBiophysical science
250 _a2
260 _c1979
300 _ap.
_ccm.
650 _aBiology
700 _a Ellis Lynda B M
942 _hG0aC, L9
_cTEXL
_2CC
999 _c34531
_d34531